01008nam a2200217Ia 4500003000400000005001700004008004100021020001800062040002100080041000800101082001600109100003300125245005400158250002200212260006600234300005700300505013400357520023400491521004200725650002300767OSt20200518145529.0191128s2009 spaa br 000 j spa d a9789588334202 aCO-JMCRcCO-JMCR0 aspa04aC / 2PAUf 1 aPauli, Gunter, d1956eautor10aFábulas de Gunter : btrabajo / cGunter Pauli aPrimera edición aBogotá : bFundación Hogares Juveniles Campesinos, c2009 a167 páginas : bilustraciones a color ; c 28 cm. aEl sombrero mágico -- ¿Cómo desbaratarlo? -- Cuatro ojos, pelo verde -- Champiñones colombianos -- La hormiga agricultora aEstas fábulas han sido diseñadas para exponer la ciencia a los niños. La ciencia exacta no propone una única verdad, sino que nos estimula a observar y a hacernos preguntas acerca de lo que no podemos entender o explicar. aRecomendado para mayores de 5 años. aCuentos infantiles